01186nam a2200193Ia 4500001001100000003001000011008004100021040002500062041001300087100002700100245005600127250001100183260009200194300002700286500026600313501011400579520026600693650003300959L238-10952IT-CnALBA170116s9999||||xx |||||||||||||| ||und|| aIT-CnALBAcIT-CnALBA aITALIANO aGRABNER-HAIDER ANTONIO 0aBREVIARIO DELLA FEDE. PER CREDENTI E NON CREDENTI.  a1a ed. aCINISELLO BALSAMO (MI)bEDIZIONI PAOLINEc1988 [1° Ed.:1988 - Ed.Ling.Originale: 1988] a159 p. (prefazione: 5) aTRADUZIONE DAL TEDESCO DI R. RIVA. INTERROGAZIONE NECESSARIA SULLA VITA. RIVELAZIONE. GESÙ DI NAZARETH. MORTE RISURREZIONE. CHIESA ANTICA. INCARNAZIONE DEL VERBO. SPIRITO SANTO. UNITÀ E TRINITÀ DI DIO. CREAZIONE. PECCATO. GRAZIA. MARIOLOGIA ANGELOGIA. NOV aSocietà San Paolo EM - Piazza San Paolo, 14 - 12051 ALBA (CN) (non commercial uses only) ® Copyright 2017 aTRADUZIONE DAL TEDESCO DI R. RIVA. INTERROGAZIONE NECESSARIA SULLA VITA. RIVELAZIONE. GESÙ DI NAZARETH. MORTE RISURREZIONE. CHIESA ANTICA. INCARNAZIONE DEL VERBO. SPIRITO SANTO. UNITÀ E TRINITÀ DI DIO. CREAZIONE. PECCATO. GRAZIA. MARIOLOGIA ANGELOGIA. NOV aSIMBOLI DI FEDE - CATECHISMI